Parerga y paralipómena.
Guardat en:
| Autor principal: | |
|---|---|
| Altres autors: | |
| Format: | Desconegut |
| Idioma: | anglès |
| Publicat: |
Madrid, España:
Trotta,
2009.
|
| Edició: | Segunda edición. |
| Col·lecció: | Clásicos de la cultura
|
| Matèries: | |
| Etiquetes: |
Afegir etiqueta
Sense etiquetes, Sigues el primer a etiquetar aquest registre!
|
MARC
| LEADER | 00000 a2200000 4500 | ||
|---|---|---|---|
| 003 | CL-VaPUC | ||
| 005 | 20230905091833.0 | ||
| 008 | 230811b ||||| |||| 00| 0 eng d | ||
| 999 | |c 441497 |d 441495 | ||
| 020 | |a 978-84-8164-878-2 (o.c) | ||
| 020 | |a 978-84-9879-115-0 (v.1) | ||
| 040 | |c Pontificia Universidad Católica de Valparaíso | ||
| 082 | |2 22 |a 193 SCH 2009 | ||
| 100 | |a Schopenhauer, Arthur |9 867193 |d 1788-1860 |e autor | ||
| 245 | |a Parerga y paralipómena. | ||
| 250 | |a Segunda edición. | ||
| 260 | |a Madrid, España: |b Trotta, |c 2009. | ||
| 300 | |a 2 volúmenes. | ||
| 440 | |a Clásicos de la cultura |9 884031 | ||
| 583 | |k GC |c 20230811 | ||
| 650 | 0 | |9 256920 |a Historia de la filosofía |x Filósofos | |
| 650 | 0 | |9 256848 |a Enseñanza de la filosofía |v Análisis crítico |x Universidades |y Siglo 19 | |
| 650 | 0 | |9 265002 |a Filosofía alemana |y Siglo 19 | |
| 700 | |a López de Santa María, Pilar |9 884097 |e traducción |e introducción |e notas | ||
| 942 | |n 0 |2 ddc |c BK | ||
| 952 | |0 0 |1 0 |2 ddc |4 0 |6 193_000000000000000_SCH_2009 |7 0 |8 A |9 591207 |a BIBEDU |b BIBEDU |c GEN |d 2023-08-11 |e 13 |g 41954.50 |h v.I |i 5658376 |o 193 SCH 2009 |p 5658376 |r 2023-08-11 |t 1 |v 41954.50 |w 2023-08-11 |y BK |k FIL | ||